[Event "SVK-chT3B2 2223"]
[Site "Slovakia"]
[Date "2022.10.23"]
[Round "1.8"]
[White "Jurik, Roman"]
[Black "Cabuk, Andrej"]
[Result "1-0"]
[WhiteElo "1043"]
[BlackElo "1000"]
[PlyCount "81"]
[EventDate "2022.10.23"]
[EventType "team-tourn"]
[EventRounds "11"]
[EventCountry "SVK"]
[SourceTitle "EXT 2024"]
[Source "ChessBase"]
[SourceDate "2023.10.10"]
[SourceVersion "1"]
[SourceVersionDate "2023.10.10"]
[SourceQuality "1"]
[WhiteTeam "Povazske Podhradie III"]
[BlackTeam "Povazske Podhradie II"]
[WhiteTeamCountry "SVK"]
[BlackTeamCountry "SVK"]

1. e4 e5 2. Nf3 Nc6 3. Bc4 h6 4. c3 Nf6 5. d3 a6 6. Be3 b5 7. Bb3 d5 8. exd5 Nxd5 9. c4 Nf4 10. Bxf4 exf4 11. 0-0 Qf6 12. Re1+ Be7 13. Nc3 Be6 14. cxb5 axb5 15. Nxb5 Rc8 16. Bxe6 fxe6 17. Rc1 e5 18. d4 0-0 19. dxe5 Qf5 20. Rxc6 Rfd8 21. Qb3+ Kh8 22. Rxc7 Rd3 23. Rxc8+ Kh7 24. Qg8+ Kg6 25. Qe8+ Kh7 26. Qxe7 Qxc8 27. Qf7 Rd7 28. Nd6 Qc7 29. Qc4 Qb6 30. Qe4+ g6 31. Qxf4 Qxb2 32. e6 Re7 33. Nh4 Qxa2 34. Qe4 Qd2 35. Qxg6+ Kh8 36. Qf6+ Kg8 37. Qe5 Kh7 38. f4 Qb4 39. Ndf5 Ra7 40. e7 Ra5 41. Qg7# 1-0